[Event "Titled Tuesday intern op 09th Aug Early"]
[Site "Chess.com INT"]
[Date "2022.08.09"]
[Round "8"]
[White "Bashirli, Saadat"]
[Black "Locci, Damiano"]
[Result "1-0"]
[WhiteElo "1567"]
[BlackElo "2216"]
[PlyCount "169"]
[EventDate "2022.08.09"]
[EventType "swiss (blitz)"]
[EventRounds "11"]
[EventCountry "USA"]
[SourceTitle "EXT 2023"]
[Source "ChessBase"]
[SourceDate "2022.10.05"]
[SourceVersion "1"]
[SourceVersionDate "2022.10.05"]
[SourceQuality "1"]

1. d4 d5 2. Bg5 Nf6 3. Nd2 c6 4. e3 Ne4 5. Nxe4 dxe4 6. Bc4 Qa5+ 7. c3 Qxg5 8. g3 e6 9. Ne2 Bd6 10. Qc2 Qg6 11. 0-0-0 Nd7 12. Rdg1 Nb6 13. Bb3 a5 14. a3 Bd7 15. h4 f5 16. Nf4 Bxf4 17. gxf4 Qf6 18. Rh3 0-0-0 19. Rhg3 Rhg8 20. h5 Be8 21. Rg5 h6 22. Rg6 Bxg6 23. Rxg6 Qh4 24. Bxe6+ Kb8 25. Bxg8 Rxg8 26. Qb3 Nd5 27. Rxc6 Qh1+ 28. Kc2 Rd8 29. Rc5 Nc7 30. Qb6 Rd7 31. Rxa5 Qxh5 32. Qa7+ Kc8 33. Rc5 Qe2+ 34. Kb3 Re7 35. Qa8+ Kd7 36. Qxb7 Qd1+ 37. Ka2 Ke8 38. Rxc7 Rxc7 39. Qxc7 Kf8 40. Qd7 h5 41. Qxf5+ Ke7 42. Qxe4+ Kf6 43. Qe5+ Kf7 44. Qf5+ Kg8 45. Qe6+ Kh7 46. Qf5+ Kh6 47. Qh3 Qe2 48. Qe6+ g6 49. f5 Qg4 50. e4 h4 51. Qg8 h3 52. f6 h2 53. Qh8+ Kg5 54. Qxh2 Kxf6 55. Qe5+ Kf7 56. f4 Qd1 57. Qd5+ Kg7 58. f5 Qf1 59. fxg6 Kxg6 60. e5 Qf2 61. Qd6+ Kg5 62. e6 Qf1 63. Qd5+ Kf6 64. Qe5+ Ke7 65. Kb3 Qd1+ 66. Kc4 Qf1+ 67. Kd5 Qh1+ 68. Kc5 Qc1 69. Qd6+ Kf6 70. e7+ Kf5 71. e8Q Qh1 72. Qee5+ Kg4 73. Qg6+ Kf3 74. Qef5+ Ke2 75. Qge6+ Kd2 76. Qfe4 Qh5+ 77. Q4e5 Qh1 78. d5 Kc2 79. Qd4 Kb3 80. d6+ Kxb2 81. d7 Qh5+ 82. Qed5 Qh8 83. d8Q Qxd8 84. Qxd8 Kxa3 85. c4 1-0

[Event "Titled Tuesday intern op 09th Aug Early"]
[Site "Chess.com INT"]
[Date "2022.08.09"]
[Round "10"]
[White "Locci, Damiano"]
[Black "Simonovic, Miroslav"]
[Result "1-0"]
[WhiteElo "2216"]
[BlackElo "2115"]
[PlyCount "79"]
[EventDate "2022.08.09"]
[EventType "swiss (blitz)"]
[EventRounds "11"]
[EventCountry "USA"]
[SourceTitle "EXT 2023"]
[Source "ChessBase"]
[SourceDate "2022.10.05"]
[SourceVersion "1"]
[SourceVersionDate "2022.10.05"]
[SourceQuality "1"]

1. c4 c5 2. Nf3 Nc6 3. d4 cxd4 4. Nxd4 g6 5. e4 Bg7 6. Nc2 d6 7. Be2 Nf6 8. Nc3 0-0 9. 0-0 b6 10. Be3 Bb7 11. f3 Rc8 12. Rc1 h6 13. Qd2 Kh7 14. Rfd1 Ne5 15. b3 Qc7 16. Na3 Bc6 17. Nab5 Qb7 18. h3 Rfd8 19. Nd4 Be8 20. f4 Nc6 21. Nc2 Na5 22. Bf3 Bc6 23. Qd3 Qa8 24. Nb4 Bb7 25. Nbd5 e6 26. Nxf6+ Bxf6 27. Nb5 Be7 28. b4 Nc6 29. a3 Bf8 30. f5 Ne5 31. fxg6+ Kxg6 32. Qb1 Rxc4 33. Rxc4 Nxc4 34. e5+ Kg7 35. Bxb7 Qxb7 36. Bd4 d5 37. Nd6 Qe7 38. Rf1 Qg5 39. Rxf7+ Kg8 40. Qh7# 1-0

[Event "Titled Tuesday intern op 09th Aug Early"]
[Site "Chess.com INT"]
[Date "2022.08.09"]
[Round "2"]
[White "Zamorano, Jorge Adrian"]
[Black "Locci, Damiano"]
[Result "0-1"]
[WhiteElo "2341"]
[BlackElo "2216"]
[PlyCount "148"]
[EventDate "2022.08.09"]
[EventType "swiss (blitz)"]
[EventRounds "11"]
[EventCountry "USA"]
[SourceTitle "EXT 2023"]
[Source "ChessBase"]
[SourceDate "2022.10.05"]
[SourceVersion "1"]
[SourceVersionDate "2022.10.05"]
[SourceQuality "1"]

1. d4 d5 2. c4 e6 3. Nc3 a6 4. cxd5 exd5 5. Nf3 c6 6. Bf4 Bd6 7. Bg3 Ne7 8. e3 Bf5 9. Bd3 0-0 10. 0-0 Qc7 11. Rc1 Bxd3 12. Qxd3 Nd7 13. Bh4 Qb6 14. Rc2 Ng6 15. Bg3 Bxg3 16. hxg3 Rad8 17. Na4 Qb5 18. Qb3 Qxb3 19. axb3 Rfe8 20. b4 Ne7 21. Ra1 Nc8 22. Ne1 Nd6 23. Nd3 Nb5 24. Kf1 g6 25. Nac5 Nxc5 26. Nxc5 Re7 27. g4 Kg7 28. g3 Rde8 29. Kg2 h6 30. Rh1 Nd6 31. Rcc1 Nc4 32. b3 Nd6 33. Rh4 Ne4 34. Nd3 g5 35. Rh2 f6 36. Rch1 Rh8 37. Ra1 Nd2 38. Ra3 Nb1 39. Ra2 Nc3 40. Rc2 Nb5 41. Rh1 Nd6 42. Rhc1 Nb5 43. Nc5 Rhe8 44. Kf3 Na3 45. Ra2 Nb5 46. Rh1 Nd6 47. Rh2 Ne4 48. Ra1 Nd6 49. Rah1 Rh8 50. Ke2 Nb5 51. Kd3 Nd6 52. f3 Rhe8 53. Re1 Nb5 54. Rhe2 Nd6 55. e4 dxe4+ 56. fxe4 Nb5 57. d5 Rd8 58. Kc4 cxd5+ 59. exd5 Rc7 60. Re7+ Rxe7 61. Rxe7+ Kg6 62. Rxb7 Nd6+ 63. Kd4 Nxb7 64. Nxb7 Rb8 65. Nc5 Rxb4+ 66. Kc3 Rxg4 67. d6 Rxg3+ 68. Kc4 Rg4+ 69. Kd5 Rg1 70. d7 Rd1+ 71. Ke6 g4 72. Nb7 Rxd7 73. Kxd7 g3 74. Nc5 g2 0-1

[Event "Titled Tuesday intern op 02nd Aug Early"]
[Site "Chess.com INT"]
[Date "2022.08.02"]
[Round "11"]
[White "Clawitter, Craig"]
[Black "Locci, Damiano"]
[Result "1-0"]
[WhiteElo "2050"]
[BlackElo "2216"]
[PlyCount "49"]
[EventDate "2022.08.02"]
[EventType "swiss (blitz)"]
[EventRounds "11"]
[EventCountry "USA"]
[SourceTitle "EXT 2023"]
[Source "ChessBase"]
[SourceDate "2022.10.05"]
[SourceVersion "1"]
[SourceVersionDate "2022.10.05"]
[SourceQuality "1"]

1. e4 c5 2. Nf3 Nc6 3. d4 cxd4 4. Nxd4 Nf6 5. Nc3 e5 6. Ndb5 d6 7. Bg5 a6 8. Na3 b5 9. Bxf6 gxf6 10. Nd5 Bg7 11. Bd3 Ne7 12. Nxe7 Qxe7 13. 0-0 f5 14. exf5 Bb7 15. c4 b4 16. Nc2 a5 17. c5 Qg5 18. Bb5+ Kf8 19. Qxd6+ Kg8 20. c6 Bc8 21. Ne3 Bxf5 22. Nxf5 Qxf5 23. c7 Bf8 24. Qd7 Qc2 25. Bc6 1-0

[Event "Titled Tuesday intern op 23rd Nov"]
[Site "Chess.com INT"]
[Date "2021.11.23"]
[Round "5"]
[White "Locci, Damiano"]
[Black "Ghazarian, Kirk Vagho"]
[Result "1-0"]
[WhiteElo "2216"]
[BlackElo "2346"]
[PlyCount "155"]
[EventDate "2021.11.23"]
[EventType "swiss (blitz)"]
[EventRounds "11"]
[EventCountry "USA"]
[SourceTitle "CBM 205 Extra"]
[Source "ChessBase"]
[SourceDate "2022.01.31"]
[SourceVersion "1"]
[SourceVersionDate "2022.01.31"]
[SourceQuality "1"]

1. c4 d6 2. Nc3 Nf6 3. d4 Nbd7 4. d5 g6 5. g3 Bg7 6. Bg2 0-0 7. Nh3 e6 8. dxe6 fxe6 9. Nf4 Nb6 10. c5 dxc5 11. Qb3 Qe7 12. 0-0 c4 13. Qb5 c6 14. Qa5 Nfd5 15. e4 Nxc3 16. bxc3 e5 17. Ba3 Qf7 18. Bxf8 Qxf8 19. Ne2 Bg4 20. f3 Be6 21. Qb4 Qe8 22. Kh1 Rd8 23. Rfd1 Rd3 24. Ng1 Qd7 25. Qb1 Na4 26. Qb4 b5 27. Rdc1 Bf8 28. Qa5 Bc5 29. Bf1 Rd2 30. Ne2 Qd3 31. Nd4 Qe3 32. Qd8+ Bf8 33. Re1 Qf2 34. Re2 Rxe2 35. Nxe2 Qxf3+ 36. Kg1 Kg7 37. Qc7+ Kh6 38. Qxe5 Bc5+ 39. Nd4 Nxc3 40. Qxc5 Qe3+ 41. Kg2 Nxe4 42. Qe5 Qf2+ 43. Kh1 Bd5 44. Qf4+ Qxf4 45. gxf4 Nd2+ 46. Bg2 c3 47. Bxd5 cxd5 48. Rc1 b4 49. Rc2 Nc4 50. Nb3 Ne3 51. Re2 Nf5 52. Kg2 d4 53. Nc5 Nd6 54. Nd3 a5 55. Re5 Nc4 56. Rc5 Ne3+ 57. Kf3 a4 58. Rc4 b3 59. Rxa4 b2 60. Rb4 Nc2 61. Rb5 Na3 62. Rb4 b1Q 63. Rxb1 Nxb1 64. Nb4 Na3 65. Ke2 c2 66. Kd2 g5 67. Nxc2 Nxc2 68. Kxc2 gxf4 69. a4 f3 70. Kd3 Kh5 71. a5 Kg4 72. a6 Kh3 73. a7 f2 74. Ke2 Kg2 75. a8Q+ Kg1 76. Qg8+ Kh1 77. Kxf2 d3 78. Qg2# 1-0

[Event "Titled Tuesday intern op 23rd Nov"]
[Site "Chess.com INT"]
[Date "2021.11.23"]
[Round "10"]
[White "Locci, Damiano"]
[Black "Viskelis, Darius"]
[Result "1-0"]
[WhiteElo "2216"]
[BlackElo "2200"]
[PlyCount "63"]
[EventDate "2021.11.23"]
[EventType "swiss (blitz)"]
[EventRounds "11"]
[EventCountry "USA"]
[SourceTitle "CBM 205 Extra"]
[Source "ChessBase"]
[SourceDate "2022.01.31"]
[SourceVersion "1"]
[SourceVersionDate "2022.01.31"]
[SourceQuality "1"]

1. c4 e6 2. Nc3 d5 3. cxd5 exd5 4. d4 c5 5. Bf4 Nf6 6. e3 Nc6 7. Nf3 cxd4 8. Nxd4 Bc5 9. Bb5 Bd7 10. 0-0 0-0 11. Nb3 Bb6 12. Nxd5 a6 13. Nxf6+ Qxf6 14. Qxd7 axb5 15. Qxb7 Nb4 16. Be5 Qxe5 17. Qxb6 Qxb2 18. Nd4 Rxa2 19. Rab1 Qd2 20. Qxb5 Nd3 21. Rbd1 Qxd1 22. Rxd1 Nxf2 23. Qb1 Rfa8 24. Rf1 Ng4 25. Qf5 Nf6 26. Rc1 h6 27. Rc8+ Rxc8 28. Qxc8+ Kh7 29. h3 Nh5 30. Qf5+ g6 31. Qxf7+ Kh8 32. Qxa2 1-0

[Event "Titled Tuesday intern op 23rd Nov"]
[Site "Chess.com INT"]
[Date "2021.11.23"]
[Round "3"]
[White "Musat, Adrian"]
[Black "Locci, Damiano"]
[Result "0-1"]
[WhiteElo "2378"]
[BlackElo "2216"]
[PlyCount "74"]
[EventDate "2021.11.23"]
[EventType "swiss (blitz)"]
[EventRounds "11"]
[EventCountry "USA"]
[SourceTitle "CBM 205 Extra"]
[Source "ChessBase"]
[SourceDate "2022.01.31"]
[SourceVersion "1"]
[SourceVersionDate "2022.01.31"]
[SourceQuality "1"]

1. d4 e6 2. Nc3 d5 3. Bf4 a6 4. e3 c5 5. Na4 Nf6 6. dxc5 Bxc5 7. Nxc5 Qa5+ 8. c3 Qxc5 9. Nf3 Nc6 10. Bd3 Qe7 11. Ne5 Nxe5 12. Bxe5 Nd7 13. Bxg7 Rg8 14. Bh6 Rxg2 15. Qf3 Ne5 16. Qxg2 Nxd3+ 17. Ke2 Nxb2 18. Qg8+ Kd7 19. Bg5 f6 20. Bf4 e5 21. Qxd5+ Kc7 22. Bg3 Be6 23. Qa5+ b6 24. Qb4 Bc4+ 25. Kf3 Qd7 26. Qxb2 Bd5+ 27. e4 Bxe4+ 28. Kxe4 Qc6+ 29. Ke3 Qc5+ 30. Ke2 Qc4+ 31. Ke1 Qe4+ 32. Kf1 Qxh1+ 33. Ke2 Qe4+ 34. Kf1 Qh1+ 35. Ke2 Qe4+ 36. Kf1 Rd8 37. Qe2 Qh1# 0-1

[Event "Titled Tuesday intern op 09th Nov"]
[Site "Chess.com INT"]
[Date "2021.11.09"]
[Round "4"]
[White "Nazaretyan, Tigran"]
[Black "Locci, Damiano"]
[Result "0-1"]
[WhiteElo "2316"]
[BlackElo "2216"]
[PlyCount "100"]
[EventDate "2021.11.09"]
[EventType "swiss (blitz)"]
[EventRounds "11"]
[EventCountry "USA"]
[SourceTitle "CBM 205 Extra"]
[Source "ChessBase"]
[SourceDate "2022.01.31"]
[SourceVersion "1"]
[SourceVersionDate "2022.01.31"]
[SourceQuality "1"]

1. d4 d5 2. c4 e6 3. Nf3 a6 4. e3 dxc4 5. a4 c5 6. Bxc4 cxd4 7. exd4 Nf6 8. 0-0 Be7 9. Nc3 0-0 10. Qe2 Nbd7 11. Rd1 Nb6 12. Bd3 Nbd5 13. Ne5 Bd7 14. Bg5 Nxc3 15. bxc3 Nd5 16. Bd2 Rc8 17. c4 Nb4 18. Be4 Bc6 19. Bxb4 Bxb4 20. Bxc6 bxc6 21. c5 Qd5 22. Nc4 Rcd8 23. Nb6 Qg5 24. Qxa6 Bc3 25. Qc4 Bxa1 26. Rxa1 Qd2 27. a5 Rxd4 28. Qf1 Rfd8 29. a6 Qc3 30. Rb1 Qc2 31. Ra1 Qc3 32. Rb1 Qxc5 33. a7 Qa5 34. a8Q Rxa8 35. Nxa8 Qxa8 36. Rd1 e5 37. g3 g6 38. Re1 Qa5 39. Qe2 e4 40. Rd1 Rxd1+ 41. Qxd1 Qd5 42. Qa1 c5 43. h4 Qd4 44. Qa8+ Kg7 45. Qa7 e3 46. fxe3 Qxe3+ 47. Kg2 Qd2+ 48. Kh3 c4 49. Qe7 Qd4 50. h5 h6 0-1

[Event "Titled Tuesday intern op 09th Nov"]
[Site "Chess.com INT"]
[Date "2021.11.09"]
[Round "2"]
[White "Nilssen, Ellen Fredericia"]
[Black "Locci, Damiano"]
[Result "0-1"]
[WhiteElo "2103"]
[BlackElo "2216"]
[PlyCount "70"]
[EventDate "2021.11.09"]
[EventType "swiss (blitz)"]
[EventRounds "11"]
[EventCountry "USA"]
[SourceTitle "CBM 205 Extra"]
[Source "ChessBase"]
[SourceDate "2022.01.31"]
[SourceVersion "1"]
[SourceVersionDate "2022.01.31"]
[SourceQuality "1"]

1. e4 e6 2. d4 d5 3. exd5 exd5 4. Nf3 Bd6 5. c4 c6 6. Nc3 Nf6 7. c5 Qe7+ 8. Qe2 Qxe2+ 9. Bxe2 Bc7 10. 0-0 0-0 11. Bg5 Bf5 12. b4 Nbd7 13. b5 Rae8 14. Nh4 Bg6 15. Nxg6 hxg6 16. Bd3 Ba5 17. Rfc1 Bxc3 18. Rxc3 Ne4 19. Bxe4 Rxe4 20. Rd3 Rfe8 21. Kf1 cxb5 22. Rb1 a6 23. f3 Re2 24. a4 Ra2 25. axb5 axb5 26. Rxb5 Ree2 27. Rxb7 Rf2+ 28. Ke1 Rxg2 29. Bd2 Ra1+ 30. Bc1 Rxc1+ 31. Rd1 Rg1+ 32. Ke2 Rcxd1 33. Rxd7 Rxd4 34. c6 Rc1 35. c7 Kh7 0-1

[Event "Titled Tuesday intern op 13th Apr"]
[Site "Chess.com INT"]
[Date "2021.04.13"]
[Round "9"]
[White "Allahverdiyeva, Ayan"]
[Black "Locci, Damiano"]
[Result "0-1"]
[WhiteElo "2088"]
[BlackElo "2216"]
[PlyCount "36"]
[EventDate "2021.04.13"]
[EventType "swiss (blitz)"]
[EventRounds "11"]
[EventCountry "USA"]
[SourceTitle "CBM 201 Extra"]
[Source "ChessBase"]
[SourceDate "2021.05.31"]
[SourceVersion "1"]
[SourceVersionDate "2021.05.31"]
[SourceQuality "1"]

1. e4 e5 2. Nf3 d5 3. exd5 e4 4. Qe2 Nf6 5. Nc3 Be7 6. Nxe4 0-0 7. d3 Nxd5 8. c4 Nb4 9. Qd2 f5 10. Neg5 h6 11. Nh3 f4 12. Nxf4 Rxf4 13. Qxf4 Nc2+ 14. Kd1 Nxa1 15. Ne5 Bf6 16. b3 Nc6 17. Bb2 Qd6 18. c5 Bxe5 0-1

[Event "Titled Tuesday intern op 13th Apr"]
[Site "Chess.com INT"]
[Date "2021.04.13"]
[Round "3"]
[White "Locci, Damiano"]
[Black "Can, Emre"]
[Result "0-1"]
[WhiteElo "2216"]
[BlackElo "2569"]
[PlyCount "60"]
[EventDate "2021.04.13"]
[EventType "swiss (blitz)"]
[EventRounds "11"]
[EventCountry "USA"]
[SourceTitle "CBM 201 Extra"]
[Source "ChessBase"]
[SourceDate "2021.05.31"]
[SourceVersion "1"]
[SourceVersionDate "2021.05.31"]
[SourceQuality "1"]

1. d4 Nf6 2. Nc3 d5 3. Bg5 Nbd7 4. f3 c6 5. e4 dxe4 6. fxe4 e5 7. dxe5 Qa5 8. Bxf6 gxf6 9. e6 fxe6 10. Bd3 Rg8 11. Qf3 Ba3 12. 0-0-0 Qxc3 13. bxa3 Qxa3+ 14. Kb1 Ke7 15. Qh5 Rg7 16. Nf3 e5 17. Qh6 Qb4+ 18. Kc1 Rf7 19. Nh4 Nb6 20. Rhf1 Be6 21. Nf5+ Bxf5 22. Rxf5 Rd8 23. Rdf1 Rd6 24. Qh4 Qa3+ 25. Kd1 Qc5 26. Qh3 Nc4 27. R5f3 Nb2+ 28. Ke2 Nxd3 29. Rxd3 Qxc2+ 30. Ke3 Rxd3# 0-1

[Event "Titled Tuesday intern op 13th Apr"]
[Site "Chess.com INT"]
[Date "2021.04.13"]
[Round "8"]
[White "Valdes Romero, Leonardo"]
[Black "Locci, Damiano"]
[Result "1-0"]
[WhiteElo "2402"]
[BlackElo "2216"]
[PlyCount "83"]
[EventDate "2021.04.13"]
[EventType "swiss (blitz)"]
[EventRounds "11"]
[EventCountry "USA"]
[SourceTitle "CBM 201 Extra"]
[Source "ChessBase"]
[SourceDate "2021.05.31"]
[SourceVersion "1"]
[SourceVersionDate "2021.05.31"]
[SourceQuality "1"]

1. Nf3 d5 2. g3 Nc6 3. d3 Bg4 4. Bg2 Qd7 5. c3 0-0-0 6. b4 f6 7. Nbd2 Bh3 8. Bxh3 Qxh3 9. Qa4 Kb8 10. b5 Ne5 11. Nxe5 fxe5 12. Nf3 Qe6 13. Be3 b6 14. d4 exd4 15. Nxd4 Qe4 16. Nc6+ Kc8 17. Qxe4 dxe4 18. Nxd8 Kxd8 19. a4 Nf6 20. a5 Nd5 21. axb6 axb6 22. Ra8+ Kd7 23. Bd4 Nf6 24. 0-0 e6 25. Rd1 Ke7 26. Bxf6+ gxf6 27. Rdd8 f5 28. e3 h5 29. h4 Rg8 30. Kf1 e5 31. Re8+ Kf7 32. Rec8 Ke7 33. Rxc7+ Kd6 34. Rcc8 Ke7 35. c4 f4 36. exf4 exf4 37. gxf4 Kf7 38. c5 bxc5 39. b6 c4 40. Rxf8+ Rxf8 41. Rxf8+ Kxf8 42. b7 1-0

[Event "Titled Tuesday intern op 09th Mar"]
[Site "Chess.com INT"]
[Date "2021.03.09"]
[Round "9"]
[White "Locci, Damiano"]
[Black "Perez, Maximiliano"]
[Result "0-1"]
[WhiteElo "2216"]
[BlackElo "2417"]
[PlyCount "130"]
[EventDate "2021.03.09"]
[EventType "swiss (blitz)"]
[EventRounds "11"]
[EventCountry "USA"]
[SourceTitle "CBM 201 Extra"]
[Source "ChessBase"]
[SourceDate "2021.05.31"]
[SourceVersion "1"]
[SourceVersionDate "2021.05.31"]
[SourceQuality "1"]

1. d4 Nf6 2. Nc3 d5 3. Bg5 Nbd7 4. Qd2 c6 5. f3 b5 6. e4 b4 7. Nce2 dxe4 8. Ng3 exf3 9. Nxf3 e6 10. Bd3 Be7 11. h4 h6 12. Bf4 Nd5 13. Be5 Nxe5 14. dxe5 Qb6 15. 0-0-0 Bc5 16. Kb1 Nc3+ 17. Ka1 Be3 18. Qe1 Nxd1 19. Qxd1 a5 20. Ne4 Bc5 21. Rf1 a4 22. Nd6+ Bxd6 23. exd6 Qc5 24. Qe2 a3 25. Ne5 axb2+ 26. Kb1 0-0 27. Nxf7 Rxf7 28. Rxf7 Kxf7 29. Qf3+ Kg8 30. Bg6 Ra7 31. Qf4 Qd5 32. Kxb2 e5 33. Qf2 Qd4+ 34. Qxd4 exd4 35. Kb3 Be6+ 36. Kxb4 Rxa2 37. Kc5 Bd7 38. Kxd4 Kf8 39. h5 Ra4+ 40. Kc5 Rg4 41. Kb6 Rxg2 42. Kc7 Bg4 43. c4 Rd2 44. c5 Be6 45. Kxc6 Bf7 46. Kc7 Bxg6 47. hxg6 Ke8 48. c6 h5 49. d7+ Ke7 50. Kc8 h4 51. Kb8 Rxd7 52. cxd7 Kxd7 53. Kb7 h3 54. Kb6 h2 55. Kc5 h1Q 56. Kd4 Qh6 57. Ke4 Qxg6+ 58. Kf3 Qf5+ 59. Ke3 g5 60. Kd4 g4 61. Ke3 g3 62. Kd4 g2 63. Ke3 g1Q+ 64. Ke2 Qe4+ 65. Kd2 Qge1# 0-1